02035nam a2200205 a 4500008004100000020001800041041000800059092001700067100002400084245004300108250003800151260003300189300002200222500007800244505127200322655002101594942001301615999001501628952018601643180524e2009 ag ||||g |||| 00| f spa d a9789500431699 aspa c808l79sSMI1 aSmith, Wilbur93935 3aEl destino del cazador /cWilbur Smith a1a ed.bTraducción Junio Sierra aBuenos Aires:bEmece;c2009. a432 p.c25x16 cm. aSmith, W. (2007). El destino del cazador. (1a ed.). Buenos Aires : Emece. aEn 1913 León Courtney, ex combatiente convertido en cazador profesional, se encuentra en tierras de la tribu masai, en la británica África del Este, trabajando como guía en safaris para extranjeros millonarios y poderosos. Uno de sus clientes, el conde Otto von Meerbach, industrial alemán, lidera un poderosa fábrica de aviones y vehículos para la próspera armada del Káiser. león es reclutado por su tío, Penrod Ballantyne, comandante de las fuerzas británicas en África oriental, para investigar a Von Meerbach. Lo que no está en los planes era que se enamorara apasionadamente de Eva, la enigmática y bella mujer del conde. Poco antes del estallido de la Primera Guerra Mundial, León descubre un complot de Von Meerbach contra los británicos que involucra a sobrevivientes desencantados de la Guerra de los Bóers. León intentará desentrañar qué hay detrás de esa conspiración, al tiempo que averigua quién es Eva realmente detrás de la máscara de mujer enamorada. Esta nueva novela de Wilbur Smith forma parte de la celebrada saga de los Courtney. El maestro de la aventura regresa con otra apasionante historia de ambición, poder y pasiones, que es también un viaje inolvidable al corazón de África.  aLiteratura92917 2ddccLIT c3224d3224 00102ddc4070aBFMbBFMcCRd2024-12-12eDonación Diciembre 2024. Sede Tordos.l0o808 79 SMIp4965r2024-12-12tEj.1w2024-12-12yLITzDonación Diciembre 2024. Sede Tordos.f